=LDR 00000nam 2200000 4500 =001 INLIS000000000042906 =005 20131008015723 =008 ***********************************Ind** =035 ##$$0010-101300000000828 =041 ##$$a Ind =082 ##$$a 636.3 =090 ##$$a 636.3, Sod m =245 ##$$a Meningkatkan produksi susu kambing peranakan etawa, Sodiq,Akhmad =260 ##$$a 2008 $b Jakarta =300 ##$$a 128 hlm, ilus, 25 cm =850 ##$$a NBPNMAT =990 ##$$a 0001/BPAP-NTB/20142014 =990 ##$$a 0001/BPAP-NTB/20142014 =990 ##$$a 0001/BPAP-NTB/20142014 =990 ##$$a 0001/BPAP-NTB/20142014 =990 ##$$a 0001/BPAP-NTB/20142014 =990 ##$$a 0001/BPAP-NTB/20142014 =990 ##$$a 0001/BPAP-NTB/20142014 =990 ##$$a 0001/BPAP-NTB/20142015 =990 ##$$a 0001/BPAP-NTB/20142015